Normal view
MARC view
Entry Personal Name
001 - CONTROL NUMBER
- control field: 264960
003 - CONTROL NUMBER IDENTIFIER
- control field: OSt
005 - DATE AND TIME OF LATEST TRANSACTION
- control field: 20260602105633.0
008 - FIXED-LENGTH DATA ELEMENTS
- fixed length control field: 260602|| aca||aabn | a|a d
040 ## - CATALOGING SOURCE
- Original cataloging agency: OSt
- Transcribing agency: OSt
100 ## - HEADING--PERSONAL NAME
- Personal name: SATISH CHAPPARIKE & YALLAPPA REDDI (A Na).
- Dates associated with a name: ಸತೀಶ್ ಚಪ್ಪರಿಕೆ & ಯಲ್ಲಪ್ಪ ರೆಡ್ಡಿ (ಅ ನ )
670 ## - SOURCE DATA FOUND
- Source citation: Work cat.: (OSt)101712: SATISH CHAPPARIKE & YALLAPPA REDDI (A Na). ಸತೀಶ್ ಚಪ್ಪರಿಕೆ & ಯಲ್ಲಪ್ಪ ರೆಡ್ಡಿ (ಅ ನ ), Mattondu mauna kanive: parisara sambandhi barahagalu., 1977